00939nam a2200217 a 4500001001000000005001700010008004100027020001800068041000800086044000800094050002100102245023200123260013200355300004500487504005200532650003200584700002200616700002900638700002800667700002600695BRCA_844620190320210302.0061115s2013----nyua######---#000-0#eng-# a9780300196146 anyu aeng 4aNK600b.H57 201310aHistory of Designbdecorative arts and material culture, 1400-2000cPat Kirkham, Susan Weber, editors, The Bard Graduate Center ; project editor, Heather Jane McCormick ; with contributions by John Robert Alderman ... [et al.]. aNueva YorkbBard Graduate Center: Decorative Arts, Design History, Material Culture ; New Haven : Yale University Pressc[2013] axiii, 698 p.bil. a color, mapasc31 cm. aIncluye referencias bibliográficas e índice14aArtes decorativasxHistoria1 aKirkham, Pateed.1 aWeber, Susand1954-eed.1 aMcCormick, Heather Jane1 aAlderman, John Robert